| 000 | 00758cam a22002292 4500 | ||
|---|---|---|---|
| 001 | 0000001631 | ||
| 005 | 20151217151822.0 | ||
| 008 | 070320s xx 000 0 eng d | ||
| 020 | _a0136106196 : | ||
| 040 |
_aKABU _cKABU |
||
| 050 | 0 |
_aHD30.215 _b.L48 |
|
| 100 | 1 |
_aLevine, David M. _@0000150536 |
|
| 245 | 1 | 0 |
_aStatistics for managers using Microsoft Excel / _cDavid M, Levine, Mark L. Berenson, David Stephan. |
| 260 |
_aUpper Saddle River, NJ. : _bPrentice Hall, _c1997. |
||
| 300 | _axxviii, 716, [32] p. | ||
| 650 | 0 |
_aManagement _xStatistical methods. _@0000150531 |
|
| 700 | 1 |
_aBerenson, M. L. _@0000150537 |
|
| 700 | 1 |
_aStephen, David. _@0000150538 |
|
| 908 | _a070320 | ||
| 950 | _@1 | ||
| 999 |
_c5347 _d5347 |
||